Представление документа в формате RUSMARC

ПолеНазваниеЗначение
  Тип записи a
  Библиографический уровень a
001 Контрольный номер RU/CBS_UL/BASE/436439546
005 Дата корректировки 20240209175131.4
100 Данные общей обработки __
a Данные общей обработки 20131030d2013 ||| 0rusy0189 ca
101 Язык документа 0_
a Язык текста rus
102 Страна публикации __
a Страна публикации RU
105 Кодированные данные (монография) __
a Кодированные данные (монография) y###||||000|y
200 Заглавие и сведения об ответственности 1_
a Заглавие Женский бег с препятствиями
b Общее обозначение материала Текст
e Сведения, относящиеся к заглавию [Женские олимпийские состязания в Древней Греции]
f Первые сведения об ответственности Татьяна Соловьёва
300 Общие примечания __
a Общие примечания Ограничения по возрасту -16 +
461 Уровень набора _0
1 2000
a Техника - молодежи
463 Уровень физической единицы _0
1 001RU/CBS_Ul/BASE/436437014
1 2000
a №10
v С.22-27
1 210
d 2013
686 Индексы других классификаций __
a Классификационный индекс 75.4
2 Код системы ББК
700 Автор _1
a Фамилия Соловьёва
b Имя (инициалы) Татьяна
801 Источник записи _0
a Страна RU
b Организация МБУК ЦБС г. Ульяновска
c Дата составления 20131030
g Правила каталогизации RCR
801 Источник записи _1
a Страна RU
b Организация МБУК ЦБС г. Ульяновска
c Дата составления 20131030
g Правила каталогизации RCR
901 Тип документа __
t Тип документа b
w Контрольный № источника RU/CBS_Ul/BASE/436437014
910 Корректоры записи __
a Корректор записи Варакина
938 Служебная информация __
a Имя БД period